| 000 | 00597nam a22002177i 4500 | ||
|---|---|---|---|
| 001 | 3535 | ||
| 003 | OSt | ||
| 005 | 20170126082320.0 | ||
| 007 | tu | ||
| 008 | 161220s1997 xxu||||| |||| 00| 0 d | ||
| 024 | 7 |
_a3534 _2RID |
|
| 024 | 7 |
_a3535 _2RSN (alt) |
|
| 040 | _cOSt | ||
| 084 |
_a11.431 _a11.43 _2z |
||
| 100 | 1 | _aFidrmuc, Jarko | |
| 245 | 0 | 0 | _aStrength and Advantages of Eastern Europe - EU's Net Gains from Accession |
| 260 |
_aLaxenburg : _bIIASA,International Institute for Applied System Analysis, _c1997. |
||
| 300 |
_a21 S. ; _c30cm. |
||
| 490 |
_aIIASA Interim Report _v97-019 |
||
| 651 | _aEU | ||
| 942 | _cB | ||
| 999 |
_c3485 _d3485 |
||